An analysis of the UK development industry's role in brownfield regeneration (Record no. 77812)

MARC details
000 -LEADER
fixed length control field 01267cab a2200229 4500
001 - CONTROL NUMBER
control field ##L135167
008 - FIXED-LENGTH DATA ELEMENTS--GENERAL INFORMATION
fixed length control field 061003n2006 000 0 eng u
035 ## - SYSTEM CONTROL NUMBER
System control number (Sirsi) u135167
041 0# - LANGUAGE CODE
Language code of text/sound track or separate title eng
100 1# - MAIN ENTRY--PERSONAL NAME
Personal name Dixon, Tim
245 03 - TITLE STATEMENT
Title An analysis of the UK development industry's role in brownfield regeneration
260 ## - PUBLICATION, DISTRIBUTION, ETC.
Date of publication, distribution, etc. 2006
490 #0 - SERIES STATEMENT
Series statement Journal of Property Investment and Finance
Volume/sequential designation 24(6)2006, 521-541(21)
520 ## - SUMMARY, ETC.
Summary, etc. Provides a review of the brownfield policy and the emerging sustainable development agenda in the UK. Examines the development industry's role and attitudes towards brownfield regeneration and contaminated land. The survey is based on a sample which represents nearly 30 per cent of UK volume housebuilding carried out in 2004. The results suggest that housebuilding is no longer the preserve of specialists, and is now widespread throughout industry in the UK and that the redevelopment of contaminated sites for residential use could be threatened by the impact of the EU landfill directive (Directive 99/31/EC).
590 ## - LOCAL NOTE (RLIN)
Local note IKA171006
650 24 - SUBJECT ADDED ENTRY--TOPICAL TERM
Topical term or geographic name entry element DIRECTIVE 99/31/EC
651 #4 - SUBJECT ADDED ENTRY--GEOGRAPHIC NAME
Geographic name United Kingdom
Chronological subdivision
690 ## - LOCAL SUBJECT ADDED ENTRY--TOPICAL TERM (OCLC, RLIN)
Topical term or geographic name as entry element PROPERTY-PROPERTY MANAGEMENT-REGENERATION
700 1# - ADDED ENTRY--PERSONAL NAME
Personal name Pocock, Yasmin
700 1# - ADDED ENTRY--PERSONAL NAME
Personal name Waters, Mike
942 ## - ADDED ENTRY ELEMENTS (KOHA)
Suppress in OPAC 0
Holdings
Withdrawn status Lost status Source of classification or shelving scheme Damaged status Not for loan Home library Current library Shelving location Date acquired Total Checkouts Full call number Barcode Date last seen Copy number Price effective from Koha item type
    Dewey Decimal Classification     London London Journal article 03/10/2006   L135167 135167-1001 06/08/2019 1 06/08/2019 Journal article